| 000 | 00697 a2200229 4500 | ||
|---|---|---|---|
| 003 | Nust | ||
| 005 | 20170207171533.0 | ||
| 010 | _a 2004299061 | ||
| 020 | _a1580537170 | ||
| 035 | _a(OCoLC)ocm54993975 | ||
| 040 | _cNust | ||
| 082 | _a658.3 | ||
| 100 | 1 | _aWysocki, Robert K. | |
| 245 | 1 | 0 |
_aProject management process improvement (EBOOK) _cRobert K. Wysocki. |
| 260 |
_aBoston : _bArtech House, _cc2004. |
||
| 300 |
_axiii, 231 p. : _bill. ; _c24 cm. |
||
| 440 | 0 | _aArtech House effective project management series | |
| 650 | 0 | _aProject management. | |
| 650 | 0 | _aReengineering (Management) | |
| 651 | _aEBOOK | ||
| 856 | 4 | 1 |
_3Table of contents _uhttp://www.loc.gov/catdir/toc/fy045/2004299061.html |
| 942 |
_2ddc _cBK |
||
| 999 |
_c217091 _d217091 |
||